Click - Bird, Fish or Insect - Statistics

General Stats
  • This quiz has been taken 573 times
  • The average score is 13 of 24
Answer Stats
Hint Explanation Answer % Correct
Cicada Sound-producing bug with two pairs of membranous wings Insect
84%
Leafcutter Ant species found in South, Central and North America Insect
83%
Lamprey Eel-like fish with a toothed, funnel-like sucking mouth Fish
79%
John Dory Coastal marine fish, also known as Peter's Fish Fish
79%
Scarab Stout-bodied beetle, many having a bright metallic colour Insect
79%
Monarch North American butterfly having bright orange and black wings Insect
77%
Kakapo Flightless, ground-dwelling parrot, endemic to New Zealand Bird
76%
Yellowjacket North American predatory wasp Insect
68%
Nightjar Nocturnal bird with pointed wings and a long tail Bird
64%
Coelacanth Ancient fish species, once believed to be extinct Fish
61%
Lumpsucker Marine fish found in the North Atlantic and North Pacific oceans Fish
59%
Dunlin Small migratory wading bird Bird
50%
Hoatzin Tropical bird found in the forests and swamps of the Amazon Bird
47%
Smew Small diving duck, named for its serrated bill Bird
46%
Shearwater Medium-sized long-winged seabird Bird
46%
Royal Gramma Small tropical reef fish found throughout the Caribbean Sea Fish
45%
Dickcissel Small seed-eating bird of the Americas Bird
40%
Merlin Small species of falcon from the Northern Hemisphere Bird
40%
Flame Skimmer Common dragonfly, native to western North America Insect
40%
Sterlet Small species of sturgeon native to the large rivers of Eurasia Fish
39%
Cuckoo Wrasse Colourful, rock loving fish native to the north east Atlantic Ocean Fish
38%
Bombay Duck Lizardfish species found in the Indian and Pacific oceans Fish
30%
Marbled White Butterfly found across most of Europe, parts of Russia and Asia Insect
26%
Gold Swift Widespread European moth species Insect
11%
No matching quizzes found
Score Distribution
Percent of People with Each Score
Percentile by Number Answered
Your Score History
You have not taken this quiz